<?xml version="1.0" encoding="UTF-8"?>
<record
    xmlns:xsi="http://www.w3.org/2001/XMLSchema-instance"
    xsi:schemaLocation="http://www.loc.gov/MARC21/slim http://www.loc.gov/standards/marcxml/schema/MARC21slim.xsd"
    xmlns="http://www.loc.gov/MARC21/slim">

  <leader>02589nam a22003977a 4500</leader>
  <controlfield tag="005">20100705112057.0</controlfield>
  <controlfield tag="008">100705t        xxu||||| |||| 00| 0 eng d</controlfield>
  <datafield tag="010" ind1=" " ind2=" ">
    <subfield code="a">ENG-96357  B-422748-757</subfield>
  </datafield>
  <datafield tag="020" ind1=" " ind2=" ">
    <subfield code="a">9780070681750</subfield>
    <subfield code="c">375.00</subfield>
  </datafield>
  <datafield tag="020" ind1=" " ind2=" ">
    <subfield code="a">0070681759</subfield>
    <subfield code="c">375.00</subfield>
  </datafield>
  <datafield tag="035" ind1=" " ind2=" ">
    <subfield code="a">EN-79890  B-422748-757</subfield>
  </datafield>
  <datafield tag="037" ind1=" " ind2=" ">
    <subfield code="b">DBAD/PUB</subfield>
  </datafield>
  <datafield tag="037" ind1=" " ind2=" ">
    <subfield code="b">K.K.Pub/Ven</subfield>
  </datafield>
  <datafield tag="040" ind1=" " ind2=" ">
    <subfield code="a">dpl</subfield>
    <subfield code="b">Eng</subfield>
  </datafield>
  <datafield tag="082" ind1=" " ind2=" ">
    <subfield code="a">572</subfield>
  </datafield>
  <datafield tag="100" ind1=" " ind2=" ">
    <subfield code="a">Rastogi, S.C.</subfield>
    <subfield code="9">28410</subfield>
  </datafield>
  <datafield tag="245" ind1=" " ind2=" ">
    <subfield code="a">Biochemistry /</subfield>
    <subfield code="c">by S.C. Rastogi</subfield>
  </datafield>
  <datafield tag="250" ind1=" " ind2=" ">
    <subfield code="a">3rd ed</subfield>
  </datafield>
  <datafield tag="260" ind1=" " ind2=" ">
    <subfield code="a">New Delhi</subfield>
    <subfield code="b">Tata McGraw Hill</subfield>
    <subfield code="c">2010</subfield>
  </datafield>
  <datafield tag="270" ind1=" " ind2=" ">
    <subfield code="a">7, West Patel Nagar</subfield>
    <subfield code="b">New Delhi</subfield>
    <subfield code="e">110008</subfield>
  </datafield>
  <datafield tag="300" ind1=" " ind2=" ">
    <subfield code="a">xx,780p. :</subfield>
    <subfield code="b">ill.,col. photos</subfield>
    <subfield code="c">24cm. (pbk)</subfield>
  </datafield>
  <datafield tag="500" ind1=" " ind2=" ">
    <subfield code="a">includes index</subfield>
  </datafield>
  <datafield tag="942" ind1=" " ind2=" ">
    <subfield code="2">ddc</subfield>
    <subfield code="c">EN</subfield>
    <subfield code="h">572</subfield>
    <subfield code="m">RAS</subfield>
  </datafield>
  <datafield tag="999" ind1=" " ind2=" ">
    <subfield code="c">36798</subfield>
    <subfield code="d">36798</subfield>
  </datafield>
  <datafield tag="952" ind1=" " ind2=" ">
    <subfield code="0">0</subfield>
    <subfield code="1">0</subfield>
    <subfield code="2">ddc</subfield>
    <subfield code="4">0</subfield>
    <subfield code="7">1</subfield>
    <subfield code="8">NFIC</subfield>
    <subfield code="a">DBAD</subfield>
    <subfield code="b">DBAD</subfield>
    <subfield code="d">2010-07-05</subfield>
    <subfield code="e">DBAD/PUB</subfield>
    <subfield code="g">375.00</subfield>
    <subfield code="l">0</subfield>
    <subfield code="o">572 RAS</subfield>
    <subfield code="p">B-79890</subfield>
    <subfield code="r">2010-07-05 00:00:00</subfield>
    <subfield code="t">1</subfield>
    <subfield code="v">375.00</subfield>
    <subfield code="w">2010-07-05</subfield>
    <subfield code="y">EN</subfield>
  </datafield>
  <datafield tag="952" ind1=" " ind2=" ">
    <subfield code="0">0</subfield>
    <subfield code="1">0</subfield>
    <subfield code="2">ddc</subfield>
    <subfield code="4">0</subfield>
    <subfield code="7">0</subfield>
    <subfield code="8">NFIC</subfield>
    <subfield code="a">L</subfield>
    <subfield code="b">L</subfield>
    <subfield code="d">2011-06-03</subfield>
    <subfield code="e">K.K.Pub/2300/9.3.11/77/4.3.11/15.3.11</subfield>
    <subfield code="g">375.00</subfield>
    <subfield code="l">8</subfield>
    <subfield code="o">572 RAS</subfield>
    <subfield code="p">B-422748</subfield>
    <subfield code="q">2018-02-10</subfield>
    <subfield code="r">2018-01-27 00:00:00</subfield>
    <subfield code="s">2018-01-27</subfield>
    <subfield code="t">1</subfield>
    <subfield code="v">375.00</subfield>
    <subfield code="w">2011-06-03</subfield>
    <subfield code="y">EN</subfield>
  </datafield>
  <datafield tag="952" ind1=" " ind2=" ">
    <subfield code="0">0</subfield>
    <subfield code="1">0</subfield>
    <subfield code="2">ddc</subfield>
    <subfield code="4">0</subfield>
    <subfield code="7">0</subfield>
    <subfield code="8">NFIC</subfield>
    <subfield code="a">M</subfield>
    <subfield code="b">M</subfield>
    <subfield code="d">2011-06-03</subfield>
    <subfield code="e">K.K.Pub/2300/9.3.11/77/4.3.11/15.3.11</subfield>
    <subfield code="g">375.00</subfield>
    <subfield code="l">0</subfield>
    <subfield code="o">572 RAS</subfield>
    <subfield code="p">B-422749</subfield>
    <subfield code="r">2011-06-03 00:00:00</subfield>
    <subfield code="t">5</subfield>
    <subfield code="v">375.00</subfield>
    <subfield code="w">2011-06-03</subfield>
    <subfield code="y">EN</subfield>
  </datafield>
  <datafield tag="952" ind1=" " ind2=" ">
    <subfield code="0">0</subfield>
    <subfield code="1">0</subfield>
    <subfield code="2">ddc</subfield>
    <subfield code="4">0</subfield>
    <subfield code="7">0</subfield>
    <subfield code="8">NFIC</subfield>
    <subfield code="a">M</subfield>
    <subfield code="b">M</subfield>
    <subfield code="d">2011-06-03</subfield>
    <subfield code="e">K.K.Pub/2300/9.3.11/77/4.3.11/15.3.11</subfield>
    <subfield code="g">375.00</subfield>
    <subfield code="l">0</subfield>
    <subfield code="o">572 RAS</subfield>
    <subfield code="p">B-422750</subfield>
    <subfield code="r">2011-06-03 00:00:00</subfield>
    <subfield code="t">5</subfield>
    <subfield code="v">375.00</subfield>
    <subfield code="w">2011-06-03</subfield>
    <subfield code="y">EN</subfield>
  </datafield>
  <datafield tag="952" ind1=" " ind2=" ">
    <subfield code="0">0</subfield>
    <subfield code="1">0</subfield>
    <subfield code="2">ddc</subfield>
    <subfield code="4">0</subfield>
    <subfield code="7">0</subfield>
    <subfield code="8">NFIC</subfield>
    <subfield code="a">M</subfield>
    <subfield code="b">M</subfield>
    <subfield code="d">2011-06-03</subfield>
    <subfield code="e">K.K.Pub/2300/9.3.11/77/4.3.11/15.3.11</subfield>
    <subfield code="g">375.00</subfield>
    <subfield code="l">0</subfield>
    <subfield code="o">572 RAS</subfield>
    <subfield code="p">B-422751</subfield>
    <subfield code="r">2011-06-03 00:00:00</subfield>
    <subfield code="t">5</subfield>
    <subfield code="v">375.00</subfield>
    <subfield code="w">2011-06-03</subfield>
    <subfield code="y">EN</subfield>
  </datafield>
  <datafield tag="952" ind1=" " ind2=" ">
    <subfield code="0">0</subfield>
    <subfield code="1">0</subfield>
    <subfield code="2">ddc</subfield>
    <subfield code="4">0</subfield>
    <subfield code="7">0</subfield>
    <subfield code="8">NFIC</subfield>
    <subfield code="a">M</subfield>
    <subfield code="b">M</subfield>
    <subfield code="d">2011-06-03</subfield>
    <subfield code="e">K.K.Pub/2300/9.3.11/77/4.3.11/15.3.11</subfield>
    <subfield code="g">375.00</subfield>
    <subfield code="l">0</subfield>
    <subfield code="o">572 RAS</subfield>
    <subfield code="p">B-422752</subfield>
    <subfield code="r">2011-06-03 00:00:00</subfield>
    <subfield code="t">5</subfield>
    <subfield code="v">375.00</subfield>
    <subfield code="w">2011-06-03</subfield>
    <subfield code="y">EN</subfield>
  </datafield>
  <datafield tag="952" ind1=" " ind2=" ">
    <subfield code="0">0</subfield>
    <subfield code="1">0</subfield>
    <subfield code="2">ddc</subfield>
    <subfield code="4">0</subfield>
    <subfield code="7">0</subfield>
    <subfield code="8">NFIC</subfield>
    <subfield code="a">M</subfield>
    <subfield code="b">M</subfield>
    <subfield code="d">2011-06-03</subfield>
    <subfield code="e">K.K.Pub/2300/9.3.11/77/4.3.11/15.3.11</subfield>
    <subfield code="g">375.00</subfield>
    <subfield code="l">0</subfield>
    <subfield code="o">572 RAS</subfield>
    <subfield code="p">B-422753</subfield>
    <subfield code="r">2011-06-03 00:00:00</subfield>
    <subfield code="t">5</subfield>
    <subfield code="v">375.00</subfield>
    <subfield code="w">2011-06-03</subfield>
    <subfield code="y">EN</subfield>
  </datafield>
  <datafield tag="952" ind1=" " ind2=" ">
    <subfield code="0">0</subfield>
    <subfield code="1">0</subfield>
    <subfield code="2">ddc</subfield>
    <subfield code="4">0</subfield>
    <subfield code="7">0</subfield>
    <subfield code="8">NFIC</subfield>
    <subfield code="a">BL4</subfield>
    <subfield code="b">BL4</subfield>
    <subfield code="d">2011-06-03</subfield>
    <subfield code="e">K.K.Pub/2300/9.3.11/77/4.3.11/15.3.11</subfield>
    <subfield code="g">375.00</subfield>
    <subfield code="l">3</subfield>
    <subfield code="o">572 RAS</subfield>
    <subfield code="p">B-422754</subfield>
    <subfield code="r">2021-06-30 00:00:00</subfield>
    <subfield code="s">2021-03-31</subfield>
    <subfield code="t">1</subfield>
    <subfield code="v">375.00</subfield>
    <subfield code="w">2011-06-03</subfield>
    <subfield code="y">EN</subfield>
  </datafield>
  <datafield tag="952" ind1=" " ind2=" ">
    <subfield code="0">0</subfield>
    <subfield code="1">0</subfield>
    <subfield code="2">ddc</subfield>
    <subfield code="4">0</subfield>
    <subfield code="7">0</subfield>
    <subfield code="8">NFIC</subfield>
    <subfield code="a">YV</subfield>
    <subfield code="b">YV</subfield>
    <subfield code="d">2011-06-03</subfield>
    <subfield code="e">K.K.Pub/2300/9.3.11/77/4.3.11/15.3.11</subfield>
    <subfield code="g">375.00</subfield>
    <subfield code="l">3</subfield>
    <subfield code="m">2</subfield>
    <subfield code="o">572 RAS</subfield>
    <subfield code="p">B-422755</subfield>
    <subfield code="r">2022-03-19 00:00:00</subfield>
    <subfield code="s">2022-03-02</subfield>
    <subfield code="t">1</subfield>
    <subfield code="v">375.00</subfield>
    <subfield code="w">2011-06-03</subfield>
    <subfield code="y">EN</subfield>
  </datafield>
  <datafield tag="952" ind1=" " ind2=" ">
    <subfield code="0">0</subfield>
    <subfield code="1">0</subfield>
    <subfield code="2">ddc</subfield>
    <subfield code="4">0</subfield>
    <subfield code="7">0</subfield>
    <subfield code="8">NFIC</subfield>
    <subfield code="a">RC4</subfield>
    <subfield code="b">RC4</subfield>
    <subfield code="d">2011-06-03</subfield>
    <subfield code="e">K.K.Pub/2300/9.3.11/77/4.3.11/15.3.11</subfield>
    <subfield code="g">375.00</subfield>
    <subfield code="l">0</subfield>
    <subfield code="o">572 RAS</subfield>
    <subfield code="p">B-422756</subfield>
    <subfield code="r">2011-06-03 00:00:00</subfield>
    <subfield code="t">2</subfield>
    <subfield code="v">375.00</subfield>
    <subfield code="w">2011-06-03</subfield>
    <subfield code="y">EN</subfield>
  </datafield>
  <datafield tag="952" ind1=" " ind2=" ">
    <subfield code="0">0</subfield>
    <subfield code="1">0</subfield>
    <subfield code="2">ddc</subfield>
    <subfield code="4">0</subfield>
    <subfield code="7">0</subfield>
    <subfield code="8">NFIC</subfield>
    <subfield code="a">RC4</subfield>
    <subfield code="b">RC4</subfield>
    <subfield code="d">2011-06-03</subfield>
    <subfield code="e">K.K.Pub/2300/9.3.11/77/4.3.11/15.3.11</subfield>
    <subfield code="g">375.00</subfield>
    <subfield code="l">0</subfield>
    <subfield code="o">572 RAS</subfield>
    <subfield code="p">B-422757</subfield>
    <subfield code="r">2011-06-03 00:00:00</subfield>
    <subfield code="t">2</subfield>
    <subfield code="v">375.00</subfield>
    <subfield code="w">2011-06-03</subfield>
    <subfield code="y">EN</subfield>
  </datafield>
</record>
